| 000 | 00594 a2200217 4500 | ||
|---|---|---|---|
| 003 | OSt | ||
| 005 | 20180116182940.0 | ||
| 008 | 160928b xxu||||| |||| 00| 0 eng d | ||
| 020 | _a0324021003 | ||
| 022 | _a9780324021004 | ||
| 040 | _c0 | ||
| 082 | _a658.4 DAF 2004 | ||
| 100 | _aDaft,Richard L. | ||
| 245 |
_aOrganization Theory and Design. _cRichard L.Daft |
||
| 250 | _a8th. | ||
| 260 |
_aAustralia _bSouth-Western _c2004. |
||
| 300 |
_a624p. _bHB.photo copy |
||
| 440 | _aOrganization Theory and Design. | ||
| 500 | _aHard cover,photo copy | ||
| 942 |
_aNBS _cBK _k658.4 DAF 2004 _2ddc |
||
| 999 |
_c349104 _d349104 |
||